Loading...
| Social Science | 0 | 5 | 0 | 1 | 50 | 89 | 108.40 | 1 | 3 |
| History - Ancient History | 0 | 4 | 0 | 1 | 40 | 102 | 113.00 | 0 | 2 |
| Philosophy | 1 | 2 | 0 | 1 | 35 | 74 | 99.00 | 0 | 2 |
| Auditory Arts | 0 | 3 | 0 | 0 | 30 | 109 | 117.67 | 1 | 1 |
| Beliefs | 0 | 3 | 0 | 0 | 30 | 89 | 116.00 | 1 | 2 |
| Literature - British Literature | 0 | 2 | 0 | 0 | 20 | 135 | 135.00 | 0 | 0 |
| Fine Arts - Other Arts | 1 | 1 | 1 | 0 | 20 | 60 | 72.50 | 1 | 2 |
| History - American History | 0 | 2 | 0 | 0 | 20 | 74 | 99.50 | 0 | 0 |
| Literature - European Literature | 0 | 2 | 0 | 0 | 20 | 91 | 108.50 | 0 | 1 |
| Science - Biology | 0 | 2 | 0 | 1 | 20 | 111 | 112.00 | 0 | 0 |
| Science - Physics | 0 | 2 | 0 | 2 | 20 | 129 | 129.00 | 0 | 0 |
| Literature - American Literature | 0 | 2 | 1 | 0 | 15 | 123 | 136.50 | 1 | 1 |
| History - Other History | 0 | 1 | 0 | 0 | 10 | 110 | 110.00 | 0 | 1 |
| Visual Arts | 0 | 1 | 0 | 0 | 10 | 89 | 89.00 | 0 | 1 |
| Current Events | 0 | 1 | 0 | 0 | 10 | 97 | 97.00 | 0 | 1 |
| History - European History | 0 | 1 | 0 | 0 | 10 | 70 | 70.00 | 0 | 1 |
| Science - Chemistry | 0 | 0 | 0 | 0 | 0 | 0.00 | 0 | 0 | |
| Science - Other Science | 0 | 0 | 1 | 0 | -5 | 0.00 | 0 | 0 | |
| Literature - World Literature | 0 | 0 | 1 | 0 | -5 | 0.00 | 0 | 0 |